| 000 | 006170000a22001810004500 | ||
|---|---|---|---|
| 003 | MACL | ||
| 005 | 20160226122125.0 | ||
| 008 | 160226b xxu||||| |||| 00| 0 eng d | ||
| 040 |
_aMACL _cMACL |
||
| 041 | _aHindi | ||
| 082 | _a630 | ||
| 100 |
_aव्यास डा. नारायण दुलीचंद _940204 |
||
| 245 | _aफलों की खेती और व्यवसाय | ||
| 260 |
_bसस्ता साहित्य मंडल प्रकाशन _c1954 _aनई दिल्ली |
||
| 350 | _a2.50 | ||
| 650 |
_aAgriculture _940570 |
||
| 942 |
_cHIN _k630 _2ddc |
||
| 999 |
_c23145 _d23145 |
||